| 000 | 00590 a2200169 4500 | ||
|---|---|---|---|
| 020 | _a0071374159 | ||
| 020 | _a9780071374156 | ||
| 082 | 0 | 4 | _a617.75076 |
| 090 |
_c584 _d584 |
||
| 100 | 1 | _aSchwartz, Steven H. | |
| 245 | 1 | 0 |
_aGeometrical and visual optics : _ba clinical introduction / _cSteven H. Schwartz. |
| 250 | _a1st ed. | ||
| 260 |
_a[S.l.] : _bMcGraw-Hill/Appleton & Lange, _c2002. |
||
| 300 |
_a315 p. ; _c25 cm. |
||
| 942 |
_aSNS _cBK _k617.75076 SCH |
||
| 999 |
_c29214 _d29214 |
||